Universal design : (Record no. 354027)

000 -LEADER
fixed length control field 01373cam a22003857a 4500
001 - CONTROL NUMBER
control field 15302339
003 - CONTROL NUMBER IDENTIFIER
control field OSt
005 - DATE AND TIME OF LATEST TRANSACTION
control field 20180116192424.0
008 - FIXED-LENGTH DATA ELEMENTS--GENERAL INFORMATION
fixed length control field 080519s2008 sz a b 000 0 eng
010 ## - LIBRARY OF CONGRESS CONTROL NUMBER
LC control number 2008929013
015 ## - NATIONAL BIBLIOGRAPHY NUMBER
National bibliography number GBA825924
Source bnb
016 7# - NATIONAL BIBLIOGRAPHIC AGENCY CONTROL NUMBER
Record control number 014537752
Source Uk
020 ## - INTERNATIONAL STANDARD BOOK NUMBER
International Standard Book Number 9783764387181 (hbk.)
020 ## - INTERNATIONAL STANDARD BOOK NUMBER
International Standard Book Number 3764387181 (hbk.)
035 ## - SYSTEM CONTROL NUMBER
System control number (OCoLC)ocn212327995
040 ## - CATALOGING SOURCE
Original cataloging agency UKM
Transcribing agency UKM
Modifying agency YDXCP
-- BTCTA
-- BAKER
-- OHX
-- OCO
-- BWX
-- OCLCQ
-- IXA
-- DLC
041 1# - LANGUAGE CODE
Language code of text/sound track or separate title eng
Language code of original ger
042 ## - AUTHENTICATION CODE
Authentication code lccopycat
050 00 - LIBRARY OF CONGRESS CALL NUMBER
Classification number NA2545.A3
Item number H47 2008
082 04 - DEWEY DECIMAL CLASSIFICATION NUMBER
Classification number 745.20846
Edition number 22
100 1# - MAIN ENTRY--PERSONAL NAME
Personal name Herwig, Oliver.
9 (RLIN) 7846
245 10 - TITLE STATEMENT
Title Universal design :
Remainder of title solutions for a barrier-free living /
Statement of responsibility, etc. Oliver Herwig.
260 ## - PUBLICATION, DISTRIBUTION, ETC.
Place of publication, distribution, etc. Basel ;
-- Boston :
Name of publisher, distributor, etc. Birkhäuser,
Date of publication, distribution, etc. 2008.
300 ## - PHYSICAL DESCRIPTION
Extent 175 p. :
Other physical details ill. (chiefly col.) ;
Dimensions 26 cm.
500 ## - GENERAL NOTE
General note "Translation from German into English: Laura Bruce"--Colophon.
504 ## - BIBLIOGRAPHY, ETC. NOTE
Bibliography, etc. note Includes bibliographical references (p. 173-174).
650 #0 - SUBJECT ADDED ENTRY--TOPICAL TERM
Topical term or geographic name entry element Barrier-free design for older people.
9 (RLIN) 7847
650 #0 - SUBJECT ADDED ENTRY--TOPICAL TERM
Topical term or geographic name entry element Industrial design
General subdivision Social aspects.
9 (RLIN) 7848
650 #0 - SUBJECT ADDED ENTRY--TOPICAL TERM
Topical term or geographic name entry element Older consumers.
9 (RLIN) 7849
856 41 - ELECTRONIC LOCATION AND ACCESS
Materials specified Table of contents only
Uniform Resource Identifier <a href="http://www.loc.gov/catdir/toc/fy1001/2008929013.html">http://www.loc.gov/catdir/toc/fy1001/2008929013.html</a>
906 ## - LOCAL DATA ELEMENT F, LDF (RLIN)
a 7
b cbc
c copycat
d 2
e epcn
f 20
g y-gencatlg
942 ## - ADDED ENTRY ELEMENTS (KOHA)
Source of classification or shelving scheme
Koha item type Book
Holdings
Withdrawn status Lost status Source of classification or shelving scheme Damaged status Not for loan Permanent Location Current Location Date acquired Total Checkouts Full call number Barcode Date last seen Date last checked out Cost, replacement price Price effective from Koha item type
          School of Art Design and Architecture (SADA) School of Art Design and Architecture (SADA) 08/25/2014 3 745.20846 HER 2008 SADA0002364 04/24/2025 04/23/2025 6742.00 10/31/2014 Book
© 2023 Central Library, National University of Sciences and Technology. All Rights Reserved.